|
|
แสดงรายละเอียดบรรณานุกรม |
|
|
Brief Record
: Get Marc (ISO 2709)
: E-mail record
: |
|
|
| LEADER 00000nama 2200000uu 4500 | |||
| 001 203663 | |||
| 003 ULIBM | |||
| 008 040531s|||| th m m a000 0 tha d | |||
| 020 978-974-03-2505-5 | |||
| 041 tha | |||
| 050 WA100 อ176ก 2552 | |||
| 100 อนามัย (ธีรวิโรจน์) เทศกะทึก. | |||
| 245 การประเมินความเสี่ยงทางสุขภาพ = Health Risk Assessment/อนามัย (ธีรวิโรจน์) เทศกะทึก. | |||
| 260 กรุงเทพฯ. สำนักพิมพ์แห่งจุฬาลงกรณ์มหาวิทยาลัย. 2552. | |||
| 300 356 หน้า. | |||
| 650 1.การประเมินความเสี่ยงด้านสุขภาพ 2.สารเคมี--ผลกระทบต่อสุขภาพ 3.อาชีวอนามัย--การประเมินความเสี่ยง. | |||
| 995 001 | |||
| คุณยังไม่ได้ล็อกอิน คุณสามารถมีกิจกรรมร่วมกับเว็บไซต์ได้ แต่ต้องล็อกอินก่อน :: |
|
| สถานะ | |||||||||
| 1. | หนังสือทั่วไป สถานะ=หนังสือเก่า - บริการ ณ ห้องสมุด (ห้องเหลือง) | WA100 อ176ก 2552 ฉ.5 | On Shelf ขอยืม | ||||||
| 2. | หนังสือทั่วไป สถานะ=หนังสือเก่า - บริการ ณ ห้องสมุด (ห้องเหลือง) | WA100 อ176ก 2552 ฉ.9 | On Shelf ขอยืม | ||||||
| [แสดง 2/2 รายการ] | |||||||||
BibComment |
| คอมเมนท์ทรัพยากรรายการนี้ |
|
|